01776nam a2200217 i 4500003000900000005001700009007000300026008004100029020001800070040003000088082001800118100003800136245008200174264007900256300002800335336002700363337003300390338002800423500007400451520103300525DO-SdBNP20250527145528.0ta250527b2024 dr ||||| |||| 00| 0 spa d a9789945637526 aDO-SdBNPbspacBNPHUerda axxxxbZ262221 aZamparelli, Maríaeautora4aut.10aUnjú :b[novela de crónicas sub urbanas en el Caribe]cMaría Zamparelli aSan Juan, Puerto Rico :bEditorial Isla Negra,bLectura editorial, c2024. a102 páginas ;c22 cm. atextobtxt2rdacontent asin mediaciónbn2rdamedia avolumenbnc2rdacarrier aIncluye datos biografícos de la autora en la solapa de la portada.  aSi bien es cierto que María Zamparelli tiene acostumbrados a sus lectores a las novelas situadas en el siglo XV, lo que pudiéramos llamar el primer imperio en el Caribe, en esta nueva entrega nos ofrece la historia de una dinastía de estadounidenses, cazadores de influencias y negocios, quienes llegaron a la isla a partir de la invasión de 1898. La saga comienza con Henry T. Johnston en la primera década del siglo XX, quien aprovechará la fluidez del gobierno provisional para agenciarse influencias y negocios. A él lo seguirán Tony, Axel, Gaby culminando en el 2023 con Dom Venturi. Cada uno de esos entrepreneurs ofrecerá un negocio redondo, una propuesta económica, como una panacea venida de un olimpo, que solucionará las carencias e injusticias que se sucederán, una tras otra, en la Isla. La autora narra en lenguaje coloquial, salpicado de humor, y en algunos casos, de cinismo e ironía, la incidencia de la casta de hombres a quienes Manuel Zeno Gandía sagazmente denominó redentores.